[Event "Alushta Autumn 5th"]
[Site "Alushta"]
[Date "2005.10.09"]
[Round "4"]
[White "Golubev, Mihail"]
[Black "Belikov, Vladimir"]
[Result "1/2-1/2"]
[WhiteElo "2517"]
[BlackElo "2520"]
[PlyCount "135"]
[EventDate "2005.10.07"]
[EventType "tourn"]
[EventRounds "13"]
[EventCountry "UKR"]
[EventCategory "7"]
[Source "ChessBase"]
[SourceDate "2005.11.04"]

1. e4 e5 2. Nf3 Nf6 3. d4 Nxe4 4. Bd3 d5 5. Nxe5 Nd7 6. Nxd7 Bxd7 7. O-O Be7 8.
Nc3 Nf6 9. Bg5 c6 10. Re1 O-O 11. Re5 Re8 12. Qe2 Bd6 13. Rxe8+ Bxe8 14. Re1
Bd7 15. Qf3 h6 16. Bxf6 Qxf6 17. Qxf6 gxf6 18. Re3 Kf8 19. Rf3 Ke7 20. Ne2 Bg4
21. Re3+ Kf8 22. Ng3 Re8 23. Rxe8+ Kxe8 24. h3 Be6 25. Nh5 Ke7 26. g4 b6 27.
Kg2 c5 28. Kf3 cxd4 29. Nf4 Bxf4 30. Kxf4 Bd7 31. h4 a5 32. a3 Kd6 33. Kg3 Ke7
34. f4 Kf8 35. h5 Ke7 36. Kf3 Kf8 37. Bf5 Bb5 38. Kf2 Ke7 39. Ke1 Kf8 40. b3
Ke7 41. Bc8 Kd8 42. g5 fxg5 43. fxg5 Ke7 44. gxh6 Kf8 45. a4 Be8 46. Bf5 b5 47.
axb5 Bxb5 48. Kf2 a4 49. bxa4 Bxa4 50. Kf3 Kg8 51. Kf4 f6 52. Bd3 Bd7 53. Kf3
Kh8 54. Bg6 Bb5 55. Kf2 Kg8 56. Ke1 Kh8 57. Kd2 Kg8 58. Kc1 Kh8 59. Kd2 Kg8 60.
Kc1 Kh8 61. Kb2 Ba4 62. Ka3 Bd7 63. Kb4 f5 64. Kc5 Ba4 65. Bxf5 Bxc2 66. Bxc2
d3 67. Bxd3 d4 68. Kxd4 1/2-1/2

[Event "Casablanca Sekkat mem"]
[Site "Casablanca"]
[Date "2005.12.19"]
[Round "3"]
[White "Korneev, Oleg"]
[Black "Landa, Konstantin"]
[Result "1/2-1/2"]
[WhiteElo "2601"]
[BlackElo "2600"]
[PlyCount "73"]
[EventDate "2005.12.18"]
[EventType "swiss"]
[EventRounds "5"]
[EventCountry "MAR"]
[Source "ChessBase"]
[SourceDate "2006.03.10"]

1. e4 e5 2. Nf3 Nf6 3. d4 Nxe4 4. Bd3 d5 5. Nxe5 Nd7 6. Nxd7 Bxd7 7. O-O Bd6 8.
Nc3 Nxc3 9. bxc3 O-O 10. Qh5 f5 11. Rb1 b6 12. Bg5 Qe8 13. Qf3 Qg6 14. Bf4 Bxf4
15. Qxf4 Qd6 16. Qxd6 cxd6 17. c4 Be6 18. cxd5 Bxd5 19. c4 Be4 20. Bxe4 fxe4
21. Rfe1 Rac8 22. Rbc1 Rf7 23. d5 Re7 24. f3 e3 25. Kf1 Rc5 26. a4 Ra5 27. Ra1
Rc7 28. Rec1 Rac5 29. Ke2 Rxc4 30. Rxc4 Rxc4 31. Kxe3 Kf7 32. a5 b5 33. a6 Kf6
34. Rb1 Rc5 35. Kd4 Rc4+ 36. Kd3 Rc5 37. Kd4 1/2-1/2

[Event "Dos Hermanas Internet f 7th"]
[Site "Internet Chess Club"]
[Date "2006.03.24"]
[Round "2.1"]
[White "Jobava, Baadur"]
[Black "Zhang Pengxiang"]
[Result "1-0"]
[WhiteElo "2614"]
[BlackElo "2638"]
[PlyCount "127"]
[EventDate "2006.03.24"]
[EventType "k.o. (blitz)"]
[EventRounds "5"]
[Source "ChessBase"]
[SourceDate "2006.05.09"]

1. e4 e5 2. Nf3 Nf6 3. d4 Nxe4 4. Bd3 d5 5. Nxe5 Nd7 6. Nxd7 Bxd7 7. O-O Bd6 8.
c4 c6 9. Nc3 Nxc3 10. bxc3 O-O 11. cxd5 cxd5 12. Qh5 g6 13. Qxd5 Qc7 14. Bh6
Rfd8 15. Kh1 Be6 16. Qf3 Qxc3 17. Rad1 Bf8 18. Bxf8 Rxf8 19. d5 Bd7 20. h4 h5
21. Qg3 Rad8 22. Rfe1 Rfe8 23. Rxe8+ Bxe8 24. Qg5 Qa5 25. Be2 Ba4 26. Rd4 Bc2
27. Bxh5 Re8 28. Bf3 Qe1+ 29. Kh2 Qxf2 30. Rd2 Qc5 31. d6 Qxg5 32. hxg5 Bf5 33.
Bxb7 Rd8 34. Kg3 f6 35. Kf4 Kg7 36. Bc6 fxg5+ 37. Kxg5 a5 38. d7 Be6 39. Rd6
Kf7 40. Bd5 Bxd5 41. Rxd5 a4 42. Rd2 a3 43. g4 Kg7 44. Rd3 Kf7 45. Rd6 Ke7 46.
Rxg6 Kxd7 47. Ra6 Rg8+ 48. Kh4 Rh8+ 49. Kg3 Ke7 50. Rxa3 Rh1 51. Rf3 Rg1+ 52.
Kh4 Ra1 53. a3 Rh1+ 54. Kg5 Rc1 55. Kh5 Rc5+ 56. g5 Ke6 57. Kh6 Rc1 58. g6 Rh1+
59. Kg7 Rh2 60. Kg8 Rh4 61. g7 Ke7 62. Re3+ Kf6 63. Kf8 Ra4 64. Rf3+ 1-0

[Event "Biel MTO op"]
[Site "Biel"]
[Date "2006.08.03"]
[Round "10"]
[White "Socko, Bartosz"]
[Black "Kritz, Leonid"]
[Result "1/2-1/2"]
[WhiteElo "2621"]
[BlackElo "2578"]
[PlyCount "103"]
[EventDate "2006.07.24"]
[EventType "swiss"]
[EventRounds "11"]
[EventCountry "SUI"]
[Source "ChessBase"]
[SourceDate "2006.09.14"]

1. e4 e5 2. Nf3 Nf6 3. d4 Nxe4 4. Bd3 d5 5. Nxe5 Nd7 6. Nxd7 Bxd7 7. O-O Bd6 8.
c4 c6 9. Nc3 Nxc3 10. bxc3 O-O 11. cxd5 cxd5 12. Qh5 g6 13. Qxd5 Qc7 14. Qf3
Qxc3 15. Bh6 Rfe8 16. Qf6 Bf8 17. Bxf8 Rxf8 18. Be4 Bc6 19. Rac1 Qb4 20. Bxc6
bxc6 21. Rxc6 Rad8 22. Ra6 Qxd4 23. Qxd4 Rxd4 24. g3 Rc8 25. f4 Rd2 26. Rf2
Rxf2 27. Kxf2 Rc2+ 28. Kg1 Rc1+ 29. Kg2 Rc2+ 30. Kh3 h5 31. Rxa7 Kg7 32. a3 Ra2
33. a4 Kf6 34. a5 Kg7 35. Ra6 Kg8 36. Ra8+ Kg7 37. a6 Kf6 38. Ra7 Kg7 39. g4
hxg4+ 40. Kg3 Kh6 41. Kxg4 f5+ 42. Kg3 Ra3+ 43. Kf2 Ra2+ 44. Ke3 Rxh2 45. Ra8
Ra2 46. a7 Kg7 47. Kd4 Ra1 48. Ke5 Re1+ 49. Kd6 Rd1+ 50. Ke5 Re1+ 51. Kd6 Rd1+
52. Ke6 1/2-1/2

[Event "Kostic mem 14th"]
[Site "Vrsac"]
[Date "2006.09.18"]
[Round "6"]
[White "Korneev, Oleg"]
[Black "Macieja, Bartlomiej"]
[Result "1/2-1/2"]
[WhiteElo "2638"]
[BlackElo "2613"]
[PlyCount "97"]
[EventDate "2006.09.12"]
[EventType "tourn"]
[EventRounds "9"]
[EventCountry "YUG"]
[EventCategory "13"]
[Source "ChessBase"]
[SourceDate "2006.11.01"]

1. e4 e5 2. Nf3 Nf6 3. d4 Nxe4 4. Bd3 d5 5. Nxe5 Nd7 6. Nxd7 Bxd7 7. O-O Bd6 8.
Qh5 Nf6 9. Re1+ Be7 10. Qf3 O-O 11. Bf4 Re8 12. Nd2 Qc8 13. Bg5 Bg4 14. Qg3 Nh5
15. Qe5 Bxg5 16. Qxg5 Rxe1+ 17. Rxe1 Nf6 18. h3 h6 19. Qf4 Be6 20. Nf3 Qd7 21.
c3 Rd8 22. g4 Qd6 23. Qxd6 Rxd6 24. Ne5 g5 25. Kg2 Nd7 26. f4 Rb6 27. Re2 gxf4
28. Nxd7 Bxd7 29. Kf3 Kf8 30. Kxf4 Rf6+ 31. Bf5 Bxf5 32. gxf5 Ra6 33. a3 Rd6
34. Ke5 f6+ 35. Kf4 Kf7 36. Rg2 Rd8 37. Rg6 h5 38. Rh6 Kg7 39. Rg6+ Kf7 40. Rh6
Kg7 41. Rxh5 Re8 42. Rh4 Re4+ 43. Kg3 Rxh4 44. Kxh4 b5 45. b3 c6 46. a4 bxa4
47. bxa4 a5 48. Kh5 Kh7 49. Kg4 1/2-1/2

[Event "Cup Russia"]
[Site "Serpukhov RUS"]
[Date "2007.11.08"]
[Round "2.4"]
[White "Smirnov, P."]
[Black "Turov, M."]
[Result "1-0"]
[WhiteElo "2636"]
[BlackElo "2561"]
[PlyCount "63"]
[EventDate "2007.11.05"]
[SourceDate "1999.07.01"]

1. e4 e5 2. Nf3 Nf6 3. d4 Nxe4 4. Bd3 d5 5. dxe5 Nc6 6. O-O Bg4 7. Nc3 Nxc3 8.
bxc3 Be7 9. Re1 a6 10. Rb1 Rb8 11. h3 Bh5 12. Bf4 O-O 13. Bf5 Bc5 14. Qd3 Bg6
15. g4 Ne7 16. Bg5 Bxf5 17. gxf5 f6 18. exf6 gxf6 19. Bh6 Rf7 20. Re6 Kh8 21.
Nd4 Qd7 22. Rbe1 Rg8+ 23. Kh1 Bd6 24. Qe2 c5 25. Qh5 Nc8 26. Nf3 Re7 27. Nh4
Qe8 28. Bg7+ Kxg7 29. Rg1+ Kh8 30. Ng6+ Rxg6 31. fxg6 Qd7 32. g7+ 1-0

[Event "13th Festival A"]
[Site "Zupanja CRO"]
[Date "2007.01.04"]
[Round "2"]
[White "Predojevic, B."]
[Black "Saric, A."]
[Result "1/2-1/2"]
[WhiteElo "2587"]
[BlackElo "2501"]
[PlyCount "68"]
[EventDate "2007.01.03"]
[SourceDate "1999.07.01"]

1. e4 e5 2. Nf3 Nf6 3. d4 Nxe4 4. Bd3 d5 5. dxe5 Nc6 6. O-O Bg4 7. Nc3 Nxc3 8.
bxc3 Be7 9. Re1 Qd7 10. h3 Bf5 11. Bxf5 Qxf5 12. Qxd5 Qxc2 13. e6 O-O 14. exf7+
Rxf7 15. Bg5 Bf8 16. Rab1 Rb8 17. Bf4 Rd8 18. Qe6 Qg6 19. Qxg6 hxg6 20. Bg5 Rd5
21. h4 b6 22. Re8 Rfd7 23. Rc8 Ne5 24. Nd4 Kf7 25. Re1 Bc5 26. Re4 Bxd4 27.
cxd4 Nc6 28. Bf4 Rxd4 29. Rxd4 Nxd4 30. Bxc7 Nf5 31. Bg3 Nxg3 32. fxg3 g5 33.
Rc6 gxh4 34. gxh4 Rd4 1/2-1/2

[Event "17th CRO-chT 1a"]
[Site "Sibenik CRO"]
[Date "2008.09.03"]
[Round "7"]
[White "Leventic, I."]
[Black "Saric, A."]
[Result "1/2-1/2"]
[WhiteElo "2512"]
[BlackElo "2513"]
[PlyCount "43"]
[EventDate "2008.09.27"]
[SourceDate "1999.07.01"]

1. e4 e5 2. Nf3 Nf6 3. d4 Nxe4 4. Bd3 d5 5. Nxe5 Nd7 6. Nxd7 Bxd7 7. O-O Bd6 8.
Qh5 Qf6 9. Nc3 Qxd4 10. Be3 Qe5 11. Qxe5+ Bxe5 12. Nxd5 Nf6 13. Rae1 Nxd5 14.
Bd2 f6 15. f4 Nxf4 16. Bxf4 O-O 17. Bc4+ Kh8 18. Bxe5 fxe5 19. Rxe5 Rxf1+ 20.
Kxf1 Re8 21. Rxe8+ Bxe8 22. Kf2 1/2-1/2

[Event "DMP Ekstraliga"]
[Site "Karpacz POL"]
[Date "2008.09.13"]
[Round "8"]
[White "Bartel, Mat"]
[Black "Socko, B."]
[Result "0-1"]
[WhiteElo "2579"]
[BlackElo "2627"]
[PlyCount "50"]
[EventDate "2008.09.06"]
[SourceDate "1999.07.01"]

1. e4 e5 2. Nf3 Nf6 3. d4 Nxe4 4. Bd3 d5 5. dxe5 Be7 6. O-O Nc5 7. Be2 O-O 8.
Be3 c6 9. Nd4 Qc7 10. f4 f6 11. exf6 Bxf6 12. Nc3 Ne6 13. f5 Qe5 14. Nxe6 Qxe3+
15. Kh1 Bxe6 16. fxe6 Qxe6 17. Bg4 Qf7 18. Qf3 Na6 19. Qh3 Rae8 20. Ne2 Nc5 21.
Nd4 g6 22. Rad1 Qe7 23. Bf3 Bxd4 24. Rxd4 Ne4 25. c3 Nf2+ 0-1

[Event "58th ch-HUN KO"]
[Site "Nyiregyhaza HUN"]
[Date "2008.09.18"]
[Round "3.1"]
[White "Balogh, C."]
[Black "Kovacs, Ga2"]
[Result "1/2-1/2"]
[WhiteElo "2624"]
[BlackElo "2505"]
[PlyCount "60"]
[EventDate "2008.09.12"]
[SourceDate "1999.07.01"]

1. e4 e5 2. Nf3 Nf6 3. d4 Nxe4 4. Bd3 d5 5. Nxe5 Nd7 6. Nc3 Nxe5 7. dxe5 Nxc3
8. bxc3 Be6 9. Rb1 Qc8 10. O-O Bc5 11. Kh1 b6 12. f4 Bf5 13. Bxf5 Qxf5 14. Qxd5
O-O 15. Qd3 Qe6 16. c4 Rad8 17. Qb3 Qf5 18. Qc3 Rd7 19. Ba3 Bxa3 20. Qxa3 Rd2
21. Qxa7 Qe4 22. Rg1 Qxc4 23. f5 Qxc2 24. Rbc1 Qxf5 25. Qxc7 Rxa2 26. Qxb6 Qxe5
27. Qc5 Qxc5 28. Rxc5 h6 29. Rgc1 Re8 30. Rc8 Rxc8 1/2-1/2

[Event "58th ch-HUN KO"]
[Site "Nyiregyhaza HUN"]
[Date "2008.09.20"]
[Round "3.3"]
[White "Balogh, C."]
[Black "Kovacs, Ga2"]
[Result "1-0"]
[WhiteElo "2624"]
[BlackElo "2505"]
[PlyCount "36"]
[EventDate "2008.09.12"]
[SourceDate "1999.07.01"]

1. e4 e5 2. Nf3 Nf6 3. d4 Nxe4 4. Bd3 d5 5. Nxe5 Nd7 6. Nc3 Nxe5 7. dxe5 Nxc3
8. bxc3 Be7 9. Qh5 Be6 10. Rb1 Qd7 11. h3 g6 12. Qh6 Bf8 13. Qh4 Be7 14. Bg5
Bxg5 15. Qxg5 O-O 16. O-O b6 17. f4 Kh8 18. f5 f6 1-0

[Event "Heart of Finland"]
[Site "Jyvaskyla FIN"]
[Date "2008.07.14"]
[Round "5"]
[White "Kulaots, K."]
[Black "Solozhenkin, E."]
[Result "1-0"]
[WhiteElo "2531"]
[BlackElo "2511"]
[PlyCount "89"]
[EventDate "2008.07.12"]
[SourceDate "1999.07.01"]

1. e4 e5 2. Nf3 Nf6 3. d4 Nxe4 4. Bd3 Nc6 5. dxe5 d5 6. O-O Be7 7. Nc3 Nxc3 8.
bxc3 O-O 9. Re1 Bg4 10. h3 Bh5 11. Rb1 Na5 12. Bf5 c6 13. Qd3 Bxf3 14. Qxf3 g6
15. Bh6 Re8 16. e6 Bf6 17. exf7+ Kxf7 18. Bd3 Qd6 19. h4 Rxe1+ 20. Rxe1 Re8 21.
Rxe8 Kxe8 22. h5 Bxc3 23. Bf4 Qf6 24. hxg6 hxg6 25. Qg4 Kf7 26. Qd7+ Kg8 27. g3
b5 28. Qc8+ Kg7 29. Qh3 Nc4 30. Qh6+ Kf7 31. Qh7+ Ke6 32. Bxg6 Be5 33. Qg8+ Kd6
34. Bh6 Bd4 35. Qb8+ Ke6 36. Qc8+ Ke7 37. Qc7+ Ke6 38. Qxc6+ Nd6 39. Bf4 Be5
40. Bxe5 Qxe5 41. Kg2 a5 42. Bd3 Qb2 43. f4 Qxa2 44. f5+ Ke5 45. Qc7 1-0

[Event "67th ch-GEO KO 3rd-4th"]
[Site "Tbilisi GEO"]
[Date "2008.03.29"]
[Round "5.2"]
[White "Shanava, K."]
[Black "Mchedlishvili, M."]
[Result "1/2-1/2"]
[WhiteElo "2521"]
[BlackElo "2635"]
[PlyCount "35"]
[EventDate "2008.03.15"]
[SourceDate "1999.07.01"]

1. e4 e5 2. Nf3 Nf6 3. d4 Nxe4 4. Bd3 d5 5. Nxe5 Bd6 6. O-O O-O 7. Nc3 Nxc3 8.
bxc3 Nd7 9. Re1 Bxe5 10. dxe5 Nc5 11. Qh5 Nxd3 12. cxd3 Qd7 13. Re3 Qg4 14.
Qxg4 Bxg4 15. h3 Bd7 16. Ba3 Rfe8 17. Rae1 Re6 18. R1e2 1/2-1/2

[Event "TCh-AUT 1st Bundesliga 2007-8"]
[Site "Jenbach AUT"]
[Date "2008.01.13"]
[Round "7"]
[White "Ragger, M."]
[Black "Baramidze, D."]
[Result "1/2-1/2"]
[WhiteElo "2530"]
[BlackElo "2582"]
[PlyCount "45"]
[EventDate "2008.01.10"]
[SourceDate "1999.07.01"]

1. e4 e5 2. Nf3 Nf6 3. d4 Nxe4 4. Bd3 Nc6 5. Nxe5 Nxe5 6. Bxe4 d5 7. dxe5 dxe4
8. Qxd8+ Kxd8 9. Nc3 Bb4 10. Bg5+ Ke8 11. O-O-O Bg4 12. Rd4 Bxc3 13. bxc3 h6
14. Rxe4 Bh3 15. gxh3 hxg5 16. Rg1 Rxh3 17. Rxg5 g6 18. e6 Rxc3 19. h4 Rf3 20.
h5 Rf6 21. e7 Rxf2 22. Rg3 Rf5 23. hxg6 1/2-1/2

[Event "8th Rohde Open"]
[Site "Sautron FRA"]
[Date "2008.10.30"]
[Round "7"]
[White "Carlsson, P."]
[Black "Lalic, B."]
[Result "1/2-1/2"]
[WhiteElo "2515"]
[BlackElo "2531"]
[PlyCount "58"]
[EventDate "2008.10.25"]
[SourceDate "1999.07.01"]

1. e4 e5 2. Nf3 Nf6 3. d4 Nxe4 4. Bd3 d5 5. Nxe5 Nd7 6. Nxd7 Bxd7 7. O-O Bd6 8.
c4 c6 9. cxd5 cxd5 10. Nc3 Nxc3 11. bxc3 O-O 12. Qh5 g6 13. Qxd5 Qc7 14. Qf3
Qxc3 15. Bh6 Rfe8 16. Qf6 Bf8 17. Bxf8 Rxf8 18. Be4 Bc6 19. Rac1 Qb4 20. Bxc6
bxc6 21. Rxc6 Rad8 22. Ra6 Qxd4 23. Qxd4 Rxd4 24. Rxa7 Rc8 25. a4 Rc2 26. g3
Ra2 27. a5 Rda4 28. Kg2 Rxa5 29. Rxa5 Rxa5 1/2-1/2

[Event "Zvenigorodskaya Open A"]
[Site "Zvenigorod RUS"]
[Date "2008.09.29"]
[Round "7"]
[White "Filippov, An UZB"]
[Black "Frolyanov, D."]
[Result "1/2-1/2"]
[WhiteElo "2531"]
[BlackElo "2567"]
[PlyCount "51"]
[EventDate "2008.09.25"]
[SourceDate "1999.07.01"]

1. e4 e5 2. Nf3 Nf6 3. d4 Nxe4 4. Bd3 Nc6 5. Nxe5 Nxe5 6. Bxe4 d5 7. dxe5 dxe4
8. Qxd8+ Kxd8 9. Nc3 Bb4 10. Bg5+ Ke8 11. O-O-O Bg4 12. Rd4 Bxc3 13. bxc3 h6
14. Rxe4 Bh3 15. gxh3 hxg5 16. Rg1 Rxh3 17. Rxg5 Kf8 18. Reg4 Re8 19. Rxg7 Rxe5
20. Rg8+ Ke7 21. Rc4 Kd7 22. Rf4 Re7 23. Rg7 Ke8 24. Rg8+ Kd7 25. Rg7 Ke8 26.
Rg8+ 1/2-1/2

[Event "Russia Cup Final"]
[Site "Serpuhov RUS"]
[Date "2008.11.06"]
[Round "1.4"]
[White "Deviatkin, A."]
[Black "Landa, K."]
[Result "1-0"]
[WhiteElo "2563"]
[BlackElo "2613"]
[PlyCount "86"]
[EventDate "2008.11.05"]
[SourceDate "1999.07.01"]

1. e4 e5 2. Nf3 Nf6 3. d4 Nxe4 4. Bd3 d5 5. dxe5 Nc5 6. Be2 Be7 7. O-O O-O 8.
Bf4 Bf5 9. Nc3 c6 10. Nd4 Bg6 11. Bg3 Ne6 12. Nxe6 fxe6 13. Bg4 Bf5 14. Bxf5
exf5 15. Ne2 Na6 16. Qc1 Nc7 17. c4 d4 18. Rd1 Ne6 19. Qd2 c5 20. f4 Qb6 21.
Nc1 Qa6 22. Qd3 Rab8 23. a4 Qc6 24. Qd2 g5 25. Nd3 g4 26. Qf2 Rf7 27. Bh4 Bf8
28. Bf6 Bg7 29. Re1 Rbf8 30. Bh4 b6 31. Ra3 a6 32. Raa1 Rb8 33. Bf6 Rbf8 34. b3
b5 35. axb5 axb5 36. h3 bxc4 37. bxc4 gxh3 38. gxh3 Bxf6 39. exf6 Rxf6 40. Kh2
Kh8 41. Ne5 Qc7 42. Qh4 d3 43. Rg1 d2 1-0

[Event "XVIII Magistral"]
[Site "Elgoibar ESP"]
[Date "2008.12.15"]
[Round "5"]
[White "Korneev, O."]
[Black "Paunovic, D."]
[Result "1/2-1/2"]
[WhiteElo "2623"]
[BlackElo "2532"]
[PlyCount "31"]
[EventDate "2008.12.12"]
[SourceDate "1999.07.01"]

1. e4 e5 2. Nf3 Nf6 3. d4 Nxe4 4. Bd3 Nc6 5. dxe5 d5 6. exd6 Nxd6 7. Nc3 Be7 8.
O-O O-O 9. Nd5 h6 10. Bf4 Be6 11. c4 Bxd5 12. cxd5 Nb4 13. Be2 Ne8 14. Qb3 Nxd5
15. Bg3 Nb6 16. Ne5 1/2-1/2

[Event "TCh-SRB Prem 2012"]
[Site "Valjevo SRB"]
[Date "2012.09.18"]
[Round "2.2"]
[White "Mastrovasilis, A."]
[Black "Mastrovasilis, D."]
[Result "1/2-1/2"]
[WhiteElo "2505"]
[BlackElo "2613"]
[PlyCount "60"]
[EventDate "2012.09.17"]
[SourceDate "1999.07.01"]
[WhiteTeam "SK Spartak Subotica"]
[BlackTeam "SK Lasta Beograd"]

1. e4 e5 2. Nf3 Nf6 3. d4 Nxe4 4. Bd3 d5 5. Nxe5 Nd7 6. Nxd7 Bxd7 7. O-O Bd6 8.
c4 c6 9. cxd5 cxd5 10. Nc3 Nxc3 11. bxc3 O-O 12. Qh5 g6 13. Qxd5 Qc7 14. Qf3
Qxc3 15. Bh6 Rfe8 16. Qf6 Bf8 17. Bxf8 Rxf8 18. Be4 Bc6 19. Rac1 Qb4 20. Bxc6
bxc6 21. Rxc6 Rad8 22. Ra6 Qxd4 23. Qxd4 Rxd4 24. Rxa7 Rc8 25. g3 Rc2 26. Kg2
Rdd2 27. a4 Ra2 28. a5 Rd5 29. a6 Rda5 30. Rd1 Rxa6 1/2-1/2